NFL Draft 2006 Quarterbacks Drafted - Statistics

General Stats
  • This quiz has been taken 9 times
  • The average score is 4 of 12
Answer Stats
Round Player Team College % Correct
1 Jay Cutler Broncos Vanderbilt
100%
1 Vince Young Titans Texas
100%
1 Matt Leinart Cardinals USC
78%
2 Tarvaris Jackson Vikings Alabama State
22%
3 Brodie Croyle Chiefs Alabama
11%
6 Bruce Gradkowski Buccaneers Toledo
11%
3 Charlie Whitehurst Chargers Clemson
11%
2 Kellen Clemens Jets Oregon
11%
6 Reggie McNeal Bengals Texas A&M
11%
7 D.J. Shockley Falcons Georgia
0%
5 Ingle Martin Packers Furman
0%
5 Omar Jacobs Steelers Bowling Green
0%
No matching quizzes found
Score Distribution
Percent of People with Each Score
Percentile by Number Answered
Your Score History
You have not taken this quiz